10 Najbiedniejszych państw świata - Statystyki

Ogólne statystyki
  • Ten quiz został rozwiązany 768 razy
  • Średni wynik to 4 z 10
Statystyki odpowiedzi
Pozycja Kraj % Poprawnych
5 Demokratyczna Republika Konga
63%
7 Niger
63%
1 Sudan południowy
51%
2 Burundi
50%
4 Republika Środkowoafrykańska
39%
6 Madagaskar
33%
9 Sierra Leone
32%
3 Malawi
31%
10 Gambia
30%
8 Jemen
30%
Nie znaleziono quizów pasujących do podanych kryteriów
Rozkład punktacji
Procent ludzi z każdym wynikiem
Percentyl według liczby udzielonych odpowiedzi
Twoja historia wyników
Nie rozwiązałeś tego quizu